| 000 | 00681nam a2200241 i 4500 | ||
|---|---|---|---|
| 001 | bg | ||
| 100 | 1 | _aNOWAK-FAR, Artur | |
| 245 | 1 | 0 |
_aUnia gospodarcza i walutowa w Europie / _cArtur Nowak-Far. |
| 250 | _aStan prawny 1 lutego 2001. | ||
| 260 |
_aWarszawa : _bC. H. Beck, _c2001. |
||
| 300 |
_aXLI, 453 s. ; _c23 cm. |
||
| 500 | _aStreszcz. ang. | ||
| 504 | _aBibliogr. - Indeks. | ||
| 610 | 2 | 9 | _aUnia Gospodarcza i Walutowa |
| 020 | _a8371104138 | ||
| 040 | _cBPK | ||
| 041 | 0 |
_apl _ben |
|
| 080 | _a339.923+339.722](4-67) | ||
| 920 | _a83-7110-413-8 | ||
| 942 | _cKS | ||
| 008 | s pl f |000 0 pol | ||
| 999 |
_c40338 _d40338 |
||
| 856 |
_uhttp://koha.tu.koszalin.pl/cgi-bin/koha/opac-detail.pl?biblionumber=40338 _yKatalog online BPK |
||